[Event "VIII Mirko Srajber Mem"]
[Site "Subotica SCG"]
[Date "2003.12.01"]
[Round "4"]
[White "Ilincic,Z"]
[Black "Benkovic,P"]
[Result "1-0"]
[WhiteElo "2564"]
[BlackElo "2463"]

1.d4 Nf6 2.c4 e6 3.Nf3 d5 4.g3 Be7 5.Bg2 O-O 6.O-O c6 7.Qc2 Nbd7 8.Rd1 b6
9.b3 a5 10.Nc3 Ba6 11.Bb2 dxc4 12.bxc4 Bxc4 13.Nd2 Ba6 14.Bxc6 Rc8 15.Qa4 Bb4
16.Ndb1 Qc7 17.Bb5 Bxb5 18.Qxb5 Qc4 19.Qxc4 Rxc4 20.a3 Be7 21.Rd3 e5 22.e3 Rd8
23.dxe5 Nxe5 24.Rxd8+ Bxd8 25.Nd2 Rc8 26.Rd1 Nd3 27.Ba1 Be7 28.Nf3 Nc5 29.Nb5 Kf8
30.Be5 Nfe4 31.Nfd4 Nd7 32.Bxg7+ Kxg7 33.Nf5+ Kf6 34.Rxd7 Rc1+ 35.Kg2 Bxa3
36.Nxa3 Kxf5 37.Rxf7+ Ke5 38.Rxh7 Rc3 39.Nb5 Rc2 40.Rh5+ Kf6 41.Kf3 Kg6 42.Re5 Nxf2
43.Re6+ Kf7 44.Rxb6 Nh3 45.Ra6 Ng1+ 46.Ke4 Rxh2 47.Rxa5 Ne2 48.Kf3 Ng1+ 49.Kg4 Nh3
50.Nd6+ Kg6 51.Ne4 Ng1 52.Ra6+ Kg7 53.Ra1 Nh3 54.Kf3 Kg6 55.g4 Ng5+ 56.Nxg5 Kxg5
57.Ra5+ Kg6 58.e4 Rh1 59.Kf4 Rf1+ 60.Ke5 Kg5 61.Ke6+ Kxg4 62.e5 Kg5 63.Ra8 Kg6
64.Rg8+ Kh7 65.Rg2 Rd1 66.Ke7 Rd3 67.e6 Rd1 68.Ke8 Rd3 69.e7 Ra3 70.Rg4 Rd3
71.Kf7 Rf3+ 72.Ke6 Re3+ 73.Kf6 Re2 74.Rg5  1-0

[Event "33rd Rilton Cup"]
[Site "Stockholm SWE"]
[Date "2003.12.05"]
[Round "9"]
[White "Korchnoi,V"]
[Black "Lukin,A"]
[Result "1-0"]
[WhiteElo "2580"]
[BlackElo "2431"]

1.d4 Nf6 2.c4 e6 3.g3 d5 4.Bg2 Be7 5.Nf3 O-O 6.O-O c5 7.cxd5 exd5 8.Be3 Na6
9.dxc5 Nxc5 10.Nc3 Be6 11.Bd4 Nfe4 12.Rc1 Rc8 13.Nd2 Nxc3 14.Rxc3 Qd7 15.Nf3 a6
16.Ne5 Qd6 17.Nd3 Ne4 18.Rb3 Rc4 19.Nf4 b5 20.Rd3 Qc6 21.Be3 Nf6 22.Nxd5 Nxd5
23.Bxd5 Bxd5 24.Rxd5 Rc2 25.Rd2 Rxd2 26.Qxd2 Rd8 27.Rc1 Qe6 28.Qa5 h5 29.a4 Rd5
30.axb5 Rxb5 31.Qd2 Bf6 32.b4 Rd5 33.Rc8+ Qxc8 34.Qxd5 Qg4 35.Qa8+ Kh7 36.Qxa6 Qxb4
37.Qd3+ g6 38.Kg2 Qc3 39.Qd7 Kg7 40.Qb7 Qc4 41.Qf3 Qe6 42.h3 Qf5 43.Qa8 Qb5
44.Qe4 Qe5 45.Qb7 Qe6 46.Qa8 Qf5 47.Qa4 Qd5+ 48.Kg1 Qe5 49.Kg2 Qd5+ 50.Kh2 Qe5
51.h4 Qb2 52.Qa6 Qa1 53.Qb7 Qe5 54.Qf3 Qc3 55.Kg2 Qe5 56.Bf4 Qd4 57.e3 Qd8
58.Qc6 Qe7 59.Qf3 Qe6 60.Bg5 Be5 61.Qb7 Qd6 62.Qe4 Qc7 63.Bf4 Bxf4 64.Qxf4 Qc6+
65.e4 Kg8 66.Qe5 Qc4 67.Qd5 Qe2 68.Qd4 Kh7 69.Qe5 Kg8 70.Qf4 Kg7 71.Qf3 Qc4
72.Qe3 Kg8 73.Kf3 Kg7 74.Qd2 Kg8 75.Ke3 Qb3+ 76.Qd3 Qb6+ 77.Qd4 Qc7 78.Kd3 Qc1
79.e5 Qc6 80.Ke3 Qe6 81.Qd8+ Kg7 82.Qf6+ Qxf6 83.exf6+ Kxf6 84.Kf4 Ke6 85.Kg5 Ke5
86.f3 Ke6 87.f4  1-0

[Event "TCh-CZE Extraliga 2003-4"]
[Site "Czech Rep CZE"]
[Date "2003.12.07"]
[Round "4"]
[White "Konopka,M"]
[Black "Prandstetter,E"]
[Result "1-0"]
[WhiteElo "2451"]
[BlackElo "2355"]

1.Nf3 d5 2.d4 Nf6 3.c4 e6 4.g3 Be7 5.Bg2 O-O 6.O-O Nbd7 7.Qc2 c6 8.b3 b5
9.c5 Ne4 10.Bb2 f5 11.Ne1 Bg5 12.Nd3 Qe8 13.e3 a5 14.a3 Bh6 15.Nd2 g5 16.f3 Nxd2
17.Qxd2 Nf6 18.h3 a4 19.b4 Ra7 20.Ne5 Rg7 21.Rae1 Bb7 22.g4 Nd7 23.Nd3 Rgf7
24.e4 fxe4 25.fxe4 Rxf1+ 26.Bxf1 Qg6 27.exd5 exd5 28.Ne5 Nxe5 29.dxe5 Bc8
30.Bd3 Qg7 31.Rf1 Qe7 32.Rf6 Rxf6 33.exf6 Qc7 34.Qe3 Qf7 35.Kf2 Qe6 36.Qd2 Bd7
37.Bd4 Qe8 38.Kg1 Be6 39.Qe3 Bf7 40.Bf5 Qxe3+ 41.Bxe3 d4 42.Bxd4 Bd5 43.Kf2 Bf8
44.Ke3 Bf7 45.Bd7 Bd5 46.Bf5 Bf7 47.Ke4 h5 48.gxh5 Bxh5 49.Bd7 Be2 50.Bxc6 Bf1
51.Bd7 Kf7 52.Ke5  1-0

[Event "TCh-AUT B Mitte 2003-4"]
[Site "Trofaiach AUT"]
[Date "2003.12.07"]
[Round "4"]
[White "Ribli,Z"]
[Black "Dervishi,E"]
[Result "1-0"]
[WhiteElo "2593"]
[BlackElo "2495"]

1.Nf3 Nf6 2.c4 e6 3.g3 d5 4.d4 Be7 5.Bg2 O-O 6.O-O dxc4 7.Qc2 a6 8.Qxc4 b5
9.Qc2 Bb7 10.Bd2 Be4 11.Qc1 Nbd7 12.Ba5 Ra7 13.Nbd2 Bd5 14.Re1 Qa8 15.e4 Bb7
16.b4 Rc8 17.Qc2 Nb8 18.Ne5 Nfd7 19.Nxd7 Nxd7 20.Rac1 Bd8 21.h4 h6 22.a3 c6
23.Nb3 Nb6 24.Bf1 Qb8 25.Qb1 Ba8 26.Rc2 Be7 27.Qc1 Re8 28.Qe3 Nd7 29.e5 Nb6
30.Bxb6 Qxb6 31.Bg2 Rd8 32.Rec1 Rc7 33.Be4 Bf8 34.Rc3 Be7 35.Kh2 Rdc8 36.Bd3 h5
37.Be4 g6 38.R1c2 Kg7 39.Qc1 Bd8 40.Kg1 Kh7 41.g4 hxg4 42.h5 c5 43.hxg6+ fxg6
44.dxc5 Qa7 45.Qf4 Bxe4 46.Qxe4 Rf7 47.Qxg4 Rf5 48.f4 Qf7 49.Rh3+ Rh5 50.Rch2 Kh6
51.Nd4  1-0

[Event "TCh-AUT B Mitte 2003-4"]
[Site "Trofaiach AUT"]
[Date "2003.12.07"]
[Round "4"]
[White "Fauland,A"]
[Black "Benda,H"]
[Result "1/2-1/2"]
[WhiteElo "2404"]
[BlackElo "2283"]

1.d4 d5 2.Nf3 Nf6 3.c4 e6 4.g3 Be7 5.Bg2 O-O 6.O-O dxc4 7.Qc2 a6 8.Qxc4 b5
9.Qc2 Bb7 10.Bd2 Be4 11.Qc1 Qc8 12.b4 Nd5 13.Nc3 Nxc3 14.Qxc3 Qb7 15.Rfc1 Bd6
16.Bf1 Nd7 17.Ng5 Nb6 18.Nxe4 Qxe4 19.f3 Qg6 20.e4 f5 21.e5 Nd5 22.Qb3 Be7
23.f4 Qe8 24.Rc2 c6 25.Rac1 Rc8 26.Bg2 Qd7 27.Kh1 h5 28.a4 Kf7 29.h4 g6 30.Kh2 Rfd8
31.Ra2 Ra8 32.Rca1 Qb7 33.axb5 axb5 34.Ra5 Rab8 35.Ra7 Qb6 36.Qb2 Rb7 37.R7a6 Qc7
38.Rc1 Rb6 39.Ra5 Qd7 40.Rca1 Rdb8 41.Qb3  1/2-1/2

[Event "II Manuel Pereyra Puebla Mem"]
[Site "Mendoza ARG"]
[Date "2003.12.08"]
[Round "4"]
[White "Panno,O"]
[Black "Van Riemsdijk,H"]
[Result "1/2-1/2"]
[WhiteElo "2485"]
[BlackElo "2409"]

1.Nf3 d5 2.d4 Nf6 3.c4 e6 4.g3 Be7 5.Bg2 O-O 6.O-O dxc4 7.Qc2 a6 8.a4 Nc6
9.Qxc4 a5 10.Nc3 Nb4 11.Bg5 c6 12.Rfd1 b6 13.Qb3 Ba6 14.Rac1 Rc8 15.Rd2 Nd7
16.Bxe7  1/2-1/2

[Event "22nd SEA Games Standard w"]
[Site "Ho Chi Minh City VIE"]
[Date "2003.12.10"]
[Round "4"]
[White "Tay Li Jin Jeslin"]
[Black "Hui,S"]
[Result "1-0"]
[WhiteElo "1992"]
[BlackElo "1982"]

1.d4 d5 2.c4 e6 3.Nf3 Nf6 4.g3 Be7 5.Bg2 O-O 6.O-O Nbd7 7.Qc2 b6 8.Nbd2 Bb7
9.b3 c5 10.Bb2 Rc8 11.Ne5 cxd4 12.Bxd4 Nxe5 13.Bxe5 Ng4 14.Bc3 Bf6 15.Rac1 Bxc3
16.Qxc3 d4 17.Qc2 Bxg2 18.Kxg2 Rc5 19.Qe4 Nf6 20.Qf3 Rf5 21.Qd3 Qa8+ 22.Nf3 Ne4
23.Kg1 e5 24.Nd2 Nc3 25.Rxc3 dxc3 26.Qxf5 cxd2 27.Rd1 g6 28.Qc2 Rd8 29.Rxd2 Rxd2
30.Qxd2 Qe4 31.Qd3 Qd4 32.Qxd4 exd4 33.Kg2 f5 34.Kf3 Kf7 35.b4 Kf6 36.Kg2 Ke5
37.Kf1 Ke4 38.f3+ Ke5 39.Ke1 Kd6 40.Kd2 Ke6 41.Kd3 Ke5 42.f4+ Kd6 43.Kxd4 Ke6
44.c5 bxc5+ 45.bxc5  1-0

[Event "ch-IND National A"]
[Site "Calicut IND"]
[Date "2003.12.13"]
[Round "14"]
[White "Harikrishna,P"]
[Black "Hariharan,V"]
[Result "1-0"]
[WhiteElo "2570"]
[BlackElo "2245"]

1.d4 d5 2.c4 e6 3.Nf3 Nf6 4.g3 Be7 5.Bg2 O-O 6.O-O dxc4 7.Qc2 a6 8.Qxc4 b5
9.Qc2 Bb7 10.Bd2 Be4 11.Qc1 Nbd7 12.Ba5 Rc8 13.Nbd2 Ba8 14.Qc2 Qe8 15.b4 Bd6
16.Rfd1 e5 17.dxe5 Nxe5 18.Nxe5 Qxe5 19.Bxa8 Rxa8 20.Nf3 Qe7 21.Nd4 g6 22.Rac1 Rfc8
23.Nc6 Qe6 24.Kg2 h5 25.e4 Qxe4+ 26.Qxe4 Nxe4 27.f3 Re8 28.fxe4 Rxe4 29.Re1 Rae8
30.Rxe4 Rxe4 31.Kf3 f5 32.Nb8 h4 33.Bxc7 Bxb4 34.Nxa6 hxg3 35.Nxb4 Rxb4 36.hxg3 Kf7
37.Rc6 g5 38.Bd8 g4+ 39.Ke3 Re4+ 40.Kd3 Ra4 41.Rf6+ Kg7 42.Rxf5 Ra3+ 43.Ke4 Rxg3
44.Rxb5 Rg2 45.a4 g3 46.a5 Rd2 47.Bb6 g2 48.Kf3 Kf6 49.a6  1-0

[Event "II Open"]
[Site "San Salvador ESA"]
[Date "2003.12.13"]
[Round "7"]
[White "Mikhalevski,V"]
[Black "Minero Pineda,S"]
[Result "1/2-1/2"]
[WhiteElo "2548"]
[BlackElo "2417"]

1.d4 e6 2.c4 Nf6 3.g3 d5 4.Bg2 Be7 5.Nf3 O-O 6.O-O dxc4 7.Qc2 a6 8.a4 Bd7
9.Qxc4 Bc6 10.Bf4 a5 11.Nc3 Na6 12.Rfe1 Nb4 13.Rac1 Nfd5 14.e4 Nxf4 15.gxf4 b6
16.Nb5 Bxb5 17.axb5 Rc8 18.f5 exf5 19.Bh3 fxe4 20.Bxc8 exf3 21.Bg4 Bd6 22.Bxf3 Qh4
23.Bg2 Qxh2+ 24.Kf1 g6 25.Rc3 Qh5 26.Rce3 Qg5 27.Bb7 Qh5 28.Bg2 Qg5 29.Bb7  1/2-1/2

[Event "II Open"]
[Site "San Salvador ESA"]
[Date "2003.12.13"]
[Round "8"]
[White "Minero Pineda,S"]
[Black "Burgos,C"]
[Result "1-0"]
[WhiteElo "2417"]
[BlackElo "2335"]

1.Nf3 Nf6 2.c4 e6 3.g3 d5 4.d4 Be7 5.Bg2 O-O 6.O-O b6 7.cxd5 exd5 8.Nc3 Bb7
9.Bf4 a6 10.Ne5 h6 11.Qb3 Nc6 12.Bxd5 Nxd5 13.Qxd5 Na5 14.Qxd8 Rfxd8 15.Rfd1 g5
16.Be3 f6 17.Nf3 Nc4 18.b3 Nxe3 19.fxe3 Bb4 20.Rac1 Re8 21.Kf2 Re7 22.Nd2 Rae8
23.Nf1 f5 24.Rd2 h5 25.Rdc2 Bd6 26.Nd2 Ba3 27.Rb1 Bb4 28.a3 Bd6 29.Nc4 b5
30.Nxd6 cxd6 31.e4 Rc7 32.exf5 Rec8 33.Rbc1 Kf8 34.Ke3 Bd5 35.b4 Bb3 36.Rb2 Bg8
37.Kd2 Rc4 38.e3 Bh7 39.Rbc2 R8c7 40.Nd5 Rxc2+ 41.Rxc2 Rxc2+ 42.Kxc2 Bxf5+
43.Kd2 Be4 44.Nc3 Bc6 45.e4 Ke7 46.Ke3 Kf6 47.h4 Bb7 48.d5 gxh4 49.gxh4 Ke5
50.Ne2 Bc8 51.Nf4 Bg4 52.Nd3+ Kf6 53.Nf2 Bc8 54.Kf4 Bd7 55.Nd1 Bg4 56.Ne3 Bh3
57.Nf5 Bf1 58.Nxd6 Bd3 59.Nb7 Be2 60.Nc5  1-0

[Event "21st Cairnhill Open"]
[Site "Singapore SIN"]
[Date "2003.12.13"]
[Round "9"]
[White "Mascarinas,R"]
[Black "Wee Zhen Yang"]
[Result "1-0"]
[WhiteElo "2399"]
[BlackElo "2099"]

1.d4 d5 2.c4 e6 3.Nf3 Nf6 4.g3 Be7 5.Bg2 O-O 6.O-O dxc4 7.Ne5 c6 8.Nxc4 b5
9.Ne5 Bb7 10.a4 Qc7 11.Qb3 a6 12.Na3 Nbd7 13.Nd3 c5 14.Bf4 Qc8 15.Bxb7 Qxb7
16.dxc5 Nxc5 17.Nxc5 Bxc5 18.axb5 Bxa3 19.bxa3 axb5 20.a4 b4 21.Rfb1 Nd5
22.Bd2 f5 23.Rb2 Rfb8 24.Qc4 Qd7 25.e4 fxe4 26.Qxe4 Nc3 27.Bxc3 bxc3 28.Rc2 Rc8
29.Rxc3 Rf8 30.Rc6 Rae8 31.a5 Qe7 32.Rc2 Qd7 33.a6 Qa7 34.Raa2 Re7 35.Rc6 e5
36.Re2 Ree8 37.Qd5+ Kh8 38.Qc5 Qd7 39.Rd6  1-0

[Event "FSGM December"]
[Site "Budapest HUN"]
[Date "2003.12.16"]
[Round "11"]
[White "Miton,K"]
[Black "Horvath,P1"]
[Result "1-0"]
[WhiteElo "2530"]
[BlackElo "2457"]

1.Nf3 d5 2.c4 e6 3.g3 Nf6 4.Bg2 Be7 5.d4 O-O 6.O-O dxc4 7.Nc3 Bd7 8.Ne5 Bc6
9.e4 Bb4 10.Bg5 h6 11.Bxf6 Qxf6 12.a3 Bxc3 13.bxc3 Bb5 14.Rb1 Ba6 15.f4 c5
16.f5 cxd4 17.Ng4 Qe7 18.f6 Qc5 19.cxd4 Qg5 20.h4 Qg6 21.fxg7 Qxg7 22.Nf6+ Kh8
23.e5 c3 24.Rf4 Qxg3 25.Qc1 c2 26.Rb3 Qxb3 27.Rf1 Kg7 28.Nh5+ Kh7 29.Rf6 Kg8
30.Qxh6  1-0

[Event "Christmas Open"]
[Site "Zadar CRO"]
[Date "2003.12.16"]
[Round "2"]
[White "Markus,R"]
[Black "Rezan,S"]
[Result "1-0"]
[WhiteElo "2522"]
[BlackElo "2381"]

1.d4 Nf6 2.c4 e6 3.Nf3 d5 4.g3 Be7 5.Bg2 O-O 6.O-O dxc4 7.Qc2 a6 8.a4 Bd7
9.Qxc4 Bc6 10.Nc3 b5 11.Qd3 b4 12.Nb1 Be4 13.Qd1 c5 14.Nbd2 Bd5 15.dxc5 Nbd7
16.Nb3 Nxc5 17.Nxc5 Bxc5 18.Ne5 Qc7 19.Nd3 Bxg2 20.Kxg2 Rfd8 21.Qb3 Rac8
22.Bg5 Be7 23.Rac1 Qb7+ 24.f3 Nd5 25.Bd2 a5 26.Ne5 Qa6 27.Rxc8 Rxc8 28.e4 Nb6
29.Bf4 Bf6 30.Rf2 Bxe5 31.Bxe5 Nc4 32.Bf4 Qc6 33.Qd1 e5 34.Bc1 Nb6 35.Be3 Nc4
36.Bc1 Nb6 37.Be3 Nxa4 38.Rd2 h6 39.Kh3 Qe6+ 40.g4 Nc5 41.Rd8+ Kh7 42.Rxc8 Qxc8
43.Qc1 a4 44.Bxc5 h5 45.Qe3 hxg4+ 46.fxg4 a3 47.bxa3 b3 48.Qxb3 Qxc5 49.Qxf7 Qxa3+
50.Kh4 Qb2 51.h3 Qc3 52.Qf5+ Kh8 53.g5 Qe1+ 54.Kh5 Qd1+ 55.Qg4 Qd8 56.g6 Qe8
57.Qf5 Qb8 58.Kg4 Qe8 59.Qh5+  1-0

[Event "XVI Carlos Torre Mem KO"]
[Site "Merida MEX"]
[Date "2003.12.18"]
[Round "2.2"]
[White "Filippov,Va"]
[Black "Simutowe,A"]
[Result "1-0"]
[WhiteElo "2630"]
[BlackElo "2424"]

1.c4 e6 2.Nf3 d5 3.d4 Nf6 4.g3 Be7 5.Bg2 O-O 6.O-O dxc4 7.Ne5 Nc6 8.Bxc6 bxc6
9.Nxc6 Qe8 10.Nxe7+ Qxe7 11.Qa4 c5 12.Qxc4 cxd4 13.Qxd4 e5 14.Qh4 Rb8 15.b3 Qe6
16.Na3 Re8 17.Nc4 Ba6 18.Rd1 Bxc4 19.Qxc4 Qxc4 20.bxc4 Rbc8 21.Be3 Rxc4 22.Bxa7 Ne4
23.Be3 Ra8 24.Kf1 h6 25.Rd5 Nc3 26.Rxe5 Rxa2 27.Rc1 Raa4 28.Re8+ Kh7 29.Rd8 Rab4
30.h4 h5 31.Rd3 Ne4 32.Rcd1 Rc3 33.Kg2 Rxd3 34.Rxd3 Rb5 35.f3 Nf6 36.Rd6 Re5
37.Kf2 Rf5 38.Bf4 Rb5 39.Bg5 Nd5 40.Bd2 Nb6 41.Bc3 Nd5 42.Bd4 f6 43.e4 Nb4
44.Bc3 Na2 45.Bd2 Rb2 46.Ke3 Rb3+ 47.Rd3 Rb8 48.Rd5 Rb3+ 49.Kf4 Kg6 50.g4 hxg4
51.h5+ Kh7 52.Kxg4 Rb1 53.Rd7 Rb8  1-0

[Event "3rd NAO GM"]
[Site "Paris FRA"]
[Date "2003.12.20"]
[Round "6"]
[White "Pira,D"]
[Black "Shchekachev,A"]
[Result "1-0"]
[WhiteElo "2403"]
[BlackElo "2522"]

1.d4 Nf6 2.Nf3 e6 3.g3 d5 4.Bg2 Be7 5.c4 O-O 6.O-O dxc4 7.Ne5 Nc6 8.Nxc6 bxc6
9.Qa4 Qxd4 10.Nc3 Qb6 11.Bxc6 Bb7 12.Bxb7 Qxb7 13.Qxc4 c5 14.b3 Nd5 15.Bb2 Nb6
16.Qg4 Bf6 17.Rac1 Rfd8 18.Rfd1 c4 19.bxc4 Nxc4 20.Qxc4 Qxb2 21.Ne4 Be7 22.Qc7 Kf8
23.Rxd8+ Rxd8 24.Rc2 Qb5 25.Kg2 a5 26.Nc5 g6 27.a4 Qb4 28.Rc4 Qd2 29.e4 Qe2
30.Rc2 Qd1 31.Rc3 Qd6 32.Qxa5 Qc6 33.Qb5 Qa8 34.Rf3 Kg8 35.Nb7 Rd4 36.a5 Rb4
37.Qc6 Qxb7 38.Qe8+ Bf8 39.a6 Qa7 40.Rd3 Rb2 41.Rf3 Ra2  1-0

[Event "It"]
[Site "Pamplona ESP"]
[Date "2003.12.22"]
[Round "3"]
[White "Romero Holmes,A"]
[Black "Pelletier,Y"]
[Result "1/2-1/2"]
[WhiteElo "2544"]
[BlackElo "2604"]

1.c4 e6 2.d4 Nf6 3.g3 d5 4.Bg2 Be7 5.Nf3 O-O 6.O-O dxc4 7.Qc2 a6 8.Qxc4 b5
9.Qc2 Bb7 10.Bf4 Nc6 11.Nbd2 Rc8 12.Rad1 Nb4 13.Qb1 Qe8 14.e4 c5 15.a3 Nc6
16.dxc5 Bxc5 17.e5 Nd5 18.Ng5 g6 19.Nde4 Be7 20.Nd6 Bxd6 21.exd6 Nb8 22.Ne4 f5
23.Ng5 h6 24.Nxe6 Qxe6 25.Rfe1 Qf7 26.Bxd5 Bxd5 27.Re7 Be4 28.Rxf7 Bxb1 29.Rxf8+ Rxf8
30.Rxb1 g5 31.Bd2 Kf7 32.Re1 Re8 33.Rxe8 Kxe8 34.h4 Nc6 35.hxg5 hxg5 36.Bxg5 Ne5
37.Kg2 Nc4 38.Bc1 Kd7 39.b3 Na5 40.b4 Nc4 41.Kf3 Kxd6 42.Kf4 Ke6 43.f3 Ne5
44.Ke3 Kd5 45.Ke2 Ke6 46.Bf4 Nc4 47.Kd3 Nxa3 48.Bd2 Nc4 49.Bc3 Kd5 50.g4 fxg4
51.fxg4 Ke6 52.Ke4  1/2-1/2

[Event "6th Masters"]
[Site "Belfort FRA"]
[Date "2003.12.23"]
[Round "9"]
[White "Bauer,Ch"]
[Black "Hamdouchi,H"]
[Result "1/2-1/2"]
[WhiteElo "2602"]
[BlackElo "2588"]

1.Nf3 Nf6 2.c4 e6 3.g3 d5 4.d4 Be7 5.Bg2 O-O 6.O-O dxc4 7.Qc2 a6 8.Qxc4 b5
9.Qc2 Bb7 10.Bd2 Ra7 11.Rd1 Qc8 12.Be3 Be4 13.Qc1 c5 14.dxc5 Nd5 15.Nc3 Bxf3
16.Bxf3 Nxe3 17.Qxe3 Bxc5 18.Qf4 Rd8 19.Ne4 Bf8 20.Kg2 Rxd1 21.Rxd1 Qc7  1/2-1/2

[Event "1st Bautista Boschi Masters"]
[Site "Cipolleti ARG"]
[Date "2003.12.26"]
[Round "2"]
[White "Pacheco,D"]
[Black "Valiente,C"]
[Result "1-0"]
[WhiteElo "2332"]
[BlackElo "2324"]

1.d4 Nf6 2.c4 e6 3.g3 d5 4.Bg2 Be7 5.Nf3 O-O 6.Nbd2 Nbd7 7.O-O c6 8.Qc2 b6
9.e4 dxe4 10.Nxe4 Bb7 11.Rd1 Qc8 12.Ne5 Nxe5 13.dxe5 Nxe4 14.Qxe4 Rb8 15.Qg4 Rd8
16.Bh6 g6 17.Rxd8+ Qxd8 18.Rd1 Qc7 19.Bg5 Rd8 20.Bf6 Bxf6 21.exf6 Rd6 22.b4 h5
23.Qe2 e5 24.Rxd6 Qxd6 25.b5 Qxf6 26.Qe4 Kf8 27.h4 Qd6 28.bxc6 Bc8 29.Qe3 Be6
30.Qb3 Ke7 31.Qa4 a5 32.Qb5 Qd1+ 33.Kh2 Qd4 34.Qa6 Qxf2 35.Qb7+ Kf6 36.Qb8 e4
37.Qh8+ Kf5 38.c7 e3 39.c8=Q Bxc8 40.Qxc8+ Ke5 41.Qc7+ Kd4 42.Qc6 Kc3 43.Qxb6 Kxc4
44.Qb3+ Kd4 45.Qd5+ Kc3 46.Qxa5+ Kb2 47.Qb5+ Kxa2 48.Qf1 Qd2 49.Qxf7+ Kb2
50.Qf4 Kc1 51.Qc4+ Kb2 52.Qb5+ Kc3 53.Kh3 Qf2 54.Bf1 Qf3 55.Qc4+ Kd2 56.Qd3+ Kc1
57.Bg2 Qf2 58.Be4 Kb2 59.Qd4+ Ka2 60.Bd3 Qg1 61.Qd5+ Kb2 62.Qg2+ Qxg2+ 63.Kxg2 Kc3
64.Be2 Kd4 65.Kf3 Ke5 66.Kxe3  1-0

[Event "Open"]
[Site "Lilie Litomysl CZE"]
[Date "2003.12.26"]
[Round "1"]
[White "Mudrak,J"]
[Black "Kastner,K"]
[Result "1-0"]
[WhiteElo "2387"]
[BlackElo "2127"]

1.d4 e6 2.Nf3 d5 3.g3 Nf6 4.Bg2 Be7 5.c4 O-O 6.O-O Nbd7 7.b3 Ne4 8.Qc2 Ndf6
9.Ne5 b6 10.Nc6 Qd7 11.Nxe7+ Qxe7 12.f3 Nd6 13.e4 dxe4 14.fxe4 e5 15.Bb2 Nd7
16.Nc3 c6 17.Qd2 Ne8 18.Rad1 exd4 19.Qxd4 Ne5 20.Nb1 f6 21.Ba3 c5 22.Qd5+ Be6
23.Qxa8 Nd6 24.Qxf8+ Kxf8 25.Nc3 Ng4 26.Bc1 Nf7 27.Nd5 Qe8 28.Bf4 Nfe5 29.h3 Bxd5
30.Rxd5 g5 31.Bxg5  1-0

[Event "Harmonie"]
[Site "Groningen NED"]
[Date "2003.12.28"]
[Round "7"]
[White "Ernst,S"]
[Black "Dambacher,M"]
[Result "1-0"]
[WhiteElo "2474"]
[BlackElo "2419"]

1.Nf3 d5 2.c4 e6 3.g3 Nf6 4.Bg2 Be7 5.d4 O-O 6.O-O dxc4 7.Ne5 Nc6 8.Bxc6 bxc6
9.Nxc6 Qe8 10.Nxe7+ Qxe7 11.Qa4 Qd6 12.Rd1 Qa6 13.Qxa6 Bxa6 14.Nc3 Rab8 15.e4 Rfd8
16.Rb1 h6 17.f3 c5 18.Bf4 Rbc8 19.dxc5 Nd7 20.Bd6 Re8 21.Kf2 f6 22.Ra1 Nxc5
23.Bxc5 Rxc5 24.Rd7 Rb8 25.Rb1 Rb7 26.Rd6 Bb5 27.Rxe6 Kf7 28.Rd6 Bc6 29.Rd8 f5
30.Rc8 fxe4 31.fxe4 Ke7 32.Na4 Ra5 33.Nc3 Kd7 34.Rg8 Ke6 35.Ke3 Ke5 36.Rf1 Ra6
37.Rf5+ Kd6 38.Rd8+ Ke7 39.Rd2 Rab6 40.Rc5  1-0

[Event "North American Open"]
[Site "Las Vegas USA"]
[Date "2003.12.28"]
[Round "4"]
[White "Izoria,Z"]
[Black "Agrest,E"]
[Result "1-0"]
[WhiteElo "2546"]
[BlackElo "2605"]

1.c4 Nf6 2.Nf3 e6 3.g3 d5 4.d4 Be7 5.Bg2 O-O 6.O-O Nbd7 7.Qc2 c6 8.Nbd2 b6
9.e4 Bb7 10.e5 Ne8 11.cxd5 cxd5 12.Re1 Rc8 13.Qa4 Nc7 14.Nf1 b5 15.Qd1 b4
16.h4 Nb8 17.Bg5 Nc6 18.Ne3 f6 19.exf6 gxf6 20.Bh6 Rf7 21.Ng4 Kh8 22.Bf4 Bd6
23.Qd2 Qd7 24.h5 Rcf8 25.Bh3 Qd8 26.Bxd6 Qxd6 27.Qh6 Bc8 28.Rac1 Bd7 29.Nh4 Kg8
30.Ng6 Rb8 31.N4e5 Rg7 32.Nxc6 Bxc6 33.Nf4 Bd7 34.Qxf6 Rf8 35.Qe5 Qxe5 36.Rxe5 Rxf4
37.Rxc7 Rf6 38.Rxd7 Rxd7 39.Bxe6+ Rxe6 40.Rxe6 Rc7 41.Rd6 Rc2 42.Rxd5 Rxb2
43.Rd8+ Kg7 44.Rd7+ Kh6 45.Rxa7 Rd2 46.Kg2 Rxd4 47.Ra4 Rd2 48.Rxb4 Rxa2 49.g4 Ra5
50.Kg3 Kg7 51.Rb7+ Kh6 52.Rb6+ Kg7 53.h6+ Kf7 54.f4 Ra1 55.g5 Ra3+ 56.Kg4 Ra4
57.Rb7+ Kg8 58.Rb8+  1-0

[Event "XXIX Open"]
[Site "Seville ESP"]
[Date "2004.01.10"]
[Round "2"]
[White "Veingold,A"]
[Black "Bengoa Diaz,J"]
[Result "1-0"]
[WhiteElo "2478"]
[BlackElo "1999"]

1.d4 Nf6 2.Nf3 d5 3.c4 e6 4.g3 Be7 5.Bg2 O-O 6.O-O c5 7.cxd5 Nxd5 8.Nc3 Nxc3
9.bxc3 Nc6 10.e4 b6 11.d5 exd5 12.exd5 Na5 13.Ne5 Bb7 14.Bf4 Bd6 15.Re1 Re8
16.Nxf7 Kxf7 17.Qh5+ Kf8 18.Rxe8+ Qxe8 19.Bxd6+ Kg8 20.Qxe8+ Rxe8 21.Bc7 Bc8
22.d6 Bd7 23.Bd5+ Kf8 24.Rd1 g5 25.f4 g4 26.Kf2 Kg7 27.Rd3 Kf6 28.a3 h6 29.Rd2 h5
30.Rd3 Kg7 31.Re3 Rxe3 32.Kxe3 Nc6 33.Bxc6 Bxc6 34.Bb8 Kf6 35.Bxa7 Ke6 36.Bxb6 Kxd6
37.Kd3 Kd5 38.c4+ Kd6 39.Ba7 Ba4 40.Bb8+ Ke6 41.Be5 Bc6 42.Bg7 Kf7 43.Bh6 Ke7
44.f5 Kf7 45.Bg5 Kg7 46.Ke3 Bg2 47.Be7 Bf1 48.Bxc5 Bxc4 49.a4 Ba6 50.Kf4 Kh6
51.Bf8+ Kh7 52.Ke5 Bc8 53.a5 Kg8 54.Bb4 Kf7 55.Bc3 Bb7  1-0

[Event "TCh-BEL 2003-4"]
[Site "Belgium BEL"]
[Date "2004.01.11"]
[Round "6"]
[White "Miton,K"]
[Black "Lutz,C"]
[Result "1/2-1/2"]
[WhiteElo "2543"]
[BlackElo "2597"]

1.d4 Nf6 2.c4 e6 3.g3 d5 4.Bg2 Be7 5.Nf3 O-O 6.O-O dxc4 7.Nc3 Nc6 8.e3 Bd6
9.Nd2 e5 10.Nxc4 exd4 11.exd4 Bg4 12.Qa4 Nxd4 13.Nxd6 Qxd6 14.Bf4 Qb6 15.Bxc7 Qxc7
16.Qxd4 Rfd8 17.Qe3  1/2-1/2

[Event "ch-Commonwealth"]
[Site "Mumbai IND"]
[Date "2004.01.13"]
[Round "4"]
[White "Koshy,V"]
[Black "Russell,MKA"]
[Result "1/2-1/2"]
[WhiteElo "2374"]
[BlackElo "2219"]

1.c4 Nf6 2.g3 e6 3.Nf3 d5 4.Bg2 Be7 5.d4 O-O 6.Qc2 dxc4 7.Qxc4 a6 8.Bf4 Nd5
9.Nc3 b5 10.Qd3 Nxf4 11.gxf4 Bb7 12.Ng5 Bxg5 13.Bxb7 Ra7 14.fxg5 Rxb7 15.Ne4 Nc6
16.Rd1 Rb8 17.Rg1 Qd5 18.Nc3 Qd7 19.Rg4 Ne7 20.Qh3 Ng6 21.Qg3 Qd6 22.Ne4 Qb4+
23.Rd2 Qc4 24.Qb3 Qxb3 25.axb3 b4 26.Rg3 Nf4 27.Rf3 Ng2+ 28.Kf1 Nh4 29.Rfd3 Nf5
30.e3 Rb5 31.f4 Ra5 32.Ke2 Rb5 33.Rc2 Rb6 34.Rc5 Nd6 35.Rc1 Nf5 36.Nf2  1/2-1/2

[Event "ch-Commonwealth"]
[Site "Mumbai IND"]
[Date "2004.01.15"]
[Round "6"]
[White "Michelakis,G"]
[Black "Babu,NS"]
[Result "1/2-1/2"]
[WhiteElo "2432"]
[BlackElo "2339"]

1.Nf3 d5 2.d4 Nf6 3.c4 e6 4.g3 Be7 5.Bg2 O-O 6.O-O dxc4 7.Qc2 a6 8.a4 Bd7
9.Qxc4 Bc6 10.Bg5 Nbd7 11.Nc3 h6 12.Bxf6 Nxf6 13.Rfe1 Bd5 14.Nxd5 exd5 15.Qb3 Rb8  1/2-1/2

[Event "Western Class Championships"]
[Site "Agoura Hills USA"]
[Date "2004.01.16"]
[Round "1"]
[White "Moreno,W"]
[Black "Habu,Y"]
[Result "1/2-1/2"]
[WhiteElo "2113"]
[BlackElo "2339"]

1.d4 Nf6 2.c4 e6 3.g3 d5 4.Bg2 Be7 5.Nf3 O-O 6.O-O dxc4 7.Qc2 a6 8.a4 Bd7
9.Qxc4 Bc6 10.Bg5 a5 11.Nc3 Na6 12.Rfd1 Nb4 13.Bxf6 Bxf6 14.e4 b6 15.Rac1 Qd7
16.e5 Be7 17.Nb5 Rfc8 18.Ne1 Bxg2 19.Nxg2 c6 20.Nc3 Nd5 21.Ne4 c5 22.dxc5 Bxc5
23.Qb3 Qe7 24.Ne1 h6 25.Nf3 Rc7 26.Nfd2 Rd8 27.Nc4 Bb4 28.Qf3 Rcd7 29.Qg4 f5
30.exf6 Nxf6 31.Nxf6+ Qxf6 32.Rxd7 Rxd7 33.Nxb6 Rd2 34.Rc8+ Kf7 35.Rc7+ Kg8
36.Rc8+ Kf7 37.Rc7+ Kg8  1/2-1/2

[Event "Western Class Championships"]
[Site "Agoura Hills USA"]
[Date "2004.01.17"]
[Round "2"]
[White "Ehlvest,J"]
[Black "Sharavdorj,D"]
[Result "1-0"]
[WhiteElo "2602"]
[BlackElo "2421"]

1.d4 Nf6 2.Nf3 d5 3.c4 e6 4.g3 Be7 5.Bg2 O-O 6.O-O dxc4 7.Ne5 Nc6 8.Bxc6 bxc6
9.Nxc6 Qe8 10.Nxe7+ Qxe7 11.Qa4 e5 12.dxe5 Qxe5 13.Qxc4 Be6 14.Qd3 Rad8 15.Qe3 Qh5
16.f3 Bh3 17.Re1 Rfe8 18.Qf2 Nd5 19.Bd2 Qe5 20.Nc3 Nb4 21.Red1 Bf5 22.Bf4 Qa5
23.a3 Nc6 24.Rac1 h6 25.h4 Ne5 26.g4 Bh7 27.b4 Qxa3 28.Bxe5 Rxd1+ 29.Rxd1 Bc2
30.Rd5 f6 31.Bd4 Qxb4 32.Rb5 Qa3 33.Kg2 a5 34.e3 Bb3 35.Bc5  1-0

[Event "ch-Commonwealth"]
[Site "Mumbai IND"]
[Date "2004.01.17"]
[Round "8"]
[White "Iskusnyh,S"]
[Black "Babu,NS"]
[Result "1-0"]
[WhiteElo "2482"]
[BlackElo "2339"]

1.d4 d5 2.c4 e6 3.Nf3 Nf6 4.g3 Be7 5.Bg2 O-O 6.O-O dxc4 7.Qc2 a6 8.Qxc4 b5
9.Qc2 Bb7 10.Bd2 Nc6 11.e3 Nb4 12.Bxb4 Bxb4 13.a3 Bd6 14.Nbd2 Rc8 15.e4 Be7
16.e5 Nd7 17.b4 a5 18.Nb3 Bxf3 19.Bxf3 axb4 20.axb4 Bxb4 21.Qc6 Be7 22.Ra7 b4
23.Rc1 Nb6 24.Qb7 Bg5 25.Rc2 Rb8 26.Qc6 Qe8 27.Qxe8 Rfxe8 28.Rcxc7 Rec8 29.Rcb7 Rxb7
30.Rxb7 Rc7  1-0

[Event "1st WinTV Open"]
[Site "Chennai IND"]
[Date "2004.01.21"]
[Round "1"]
[White "Roktim,B"]
[Black "Arun,H"]
[Result "1-0"]
[WhiteElo "2352"]
[BlackElo "2025"]

1.d4 d5 2.c4 e6 3.Nf3 Nf6 4.g3 Be7 5.Bg2 O-O 6.O-O Nbd7 7.Qc2 h6 8.Nbd2 c6
9.e4 dxe4 10.Nxe4 Nxe4 11.Qxe4 Nf6 12.Qe2 c5 13.Rd1 Qc7 14.Bf4 Bd6 15.Bxd6 Qxd6
16.Qe5 Qxe5 17.Nxe5 cxd4 18.Rxd4 Rb8 19.Rad1 b6 20.Rd8 Bb7 21.Rxf8+ Kxf8
22.Rd7 Bxg2 23.Kxg2 Ra8 24.Rxf7+ Kg8 25.Re7 Kf8 26.Rxe6 Re8 27.Rxe8+ Kxe8
28.Kf3 a5 29.Kf4 Ke7 30.Kf5 Kd6 31.Nd3 Ne8 32.Kg6 Ke7 33.b3 Kf8 34.Nf4 Nd6
35.Ne6+ Kg8 36.Nxg7 Ne4 37.f4  1-0

[Event "1st WinTV Open"]
[Site "Chennai IND"]
[Date "2004.01.24"]
[Round "5"]
[White "Roktim,B"]
[Black "Hariharan,V"]
[Result "1/2-1/2"]
[WhiteElo "2352"]
[BlackElo "2245"]

1.d4 d5 2.c4 e6 3.Nf3 Nf6 4.g3 Be7 5.Bg2 dxc4 6.Na3 Bxa3 7.bxa3 Bd7 8.Ne5 Bc6
9.Nxc6 Nxc6 10.Bb2 Nd5 11.Qc2 b5 12.e4 Ndb4 13.axb4 Nxb4 14.Qe2 Nd3+ 15.Kf1 O-O
16.Rd1  1/2-1/2